Word Ladder - From Above To Below - Statistics

General Stats
  • This quiz has been taken 136 times
  • The average score is 4 of 16
Answer Stats
Hint Answer % Correct
Higher than Above
99%
Somewhere to live Abode
79%
Lower than Below
61%
Said something Spoke
34%
Supply fuel to a fire Stoke
24%
An animal without feet or fins Apode
23%
Fine china Spode
23%
Material used for thatching Straw
19%
A European oyster Belon
9%
An ancient Greek covered walkway Stoae
7%
The Ukrainian word for concrete Beton
5%
To die in bed from natural causes Strae
5%
To scatter about Strow
4%
A parcel wrapped in animal hide Seron
1%
An Asian antelope Serow
1%
A medical draining device Seton
1%
No matching quizzes found
Score Distribution
Percent of People with Each Score
Percentile by Number Answered
Your Score History
You have not taken this quiz